00723cam a2200217 4500999001500000001000500015003000900020005001700029008004100046040002800087082002000115100001600135245006000151250001200211260004400223300002700267650003200294906004500326942001200371952012200383 c1638d16388300BD-DhUAP20200211122705.0200211s1998 enk 001 0 engd  aBD-DhUAPcBD-DhUAPbEng a346.5492066 ALI aAli, M. M.  aThe companies act, 1994 with commentaries /cM. M. Ali. a1st ed. aDhaka : bSeraj Book Syndicate,cc1998. axxi, 425 pagesc22 cm. 0aCorporation lawzBangladesh a7bcbccorignewduencipf19gy-gencatlg 2ddccBK 00102ddc4070aUAPCLbUAPCLcGeneral Stacksd2020-02-11o346.5492066 ALIp3010008300r2020-02-11t1w2020-02-11yBK